Movies Quiz

Random Movies or Cast Quiz

Cast of Bobby (Clickable) Quiz Stats

 Plays Quiz not verified by Sporcle

Score 0/27 Timer 05:00
0 Plays Today
% Correct
Ashton Kutcher
80.2%
Freddy Rodriguez
80.2%
Emilio Estevez
79.1%
Demi Moore
77.9%
Elijah Wood
77.9%
Joshua Jackson
76.7%
Mary Elizabeth Winstead
75.6%
Anthony Hopkins
75.6%
Laurence Fishburne
74.4%
David Krumholtz
73.3%
Dave Fraunces
72.1%
Jeridan Frye
72.1%
Joy Bryant
70.9%
Heather Graham
70.9%
% Correct
Lindsay Lohan
69.8%
Jacob Vargas
69.8%
Helen Hunt
68.6%
Christian Slater
68.6%
Harry Belafonte
67.4%
Svetlana Metkina
67.4%
Nick Cannon
66.3%
Shia LaBeouf
64%
William H. Macy
64%
Brian Geraghty
61.6%
Martin Sheen
61.6%
Spencer Garrett
58.1%
Sharon Stone
58.1%

You're not logged in!

Compare scores with friends on all Sporcle quizzes.
OR
Log In

Sporcle TV

Today on Sporcle TV


Watch our educational content, quiz creation guides, and fun videos on Sporcle TV.

Show Comments

Extras

Top Quizzes Today


Score Distribution

Your Account Isn't Verified!

In order to create a playlist on Sporcle, you need to verify the email address you used during registration. Go to your Sporcle Settings to finish the process.

Report this User

Report this user for behavior that violates our Community Guidelines.

Details: